Krajina ponorená do tmy Juhoslávia: NATO použilo grafitové bomby

Bibliographic Details
Format: Article
Language:Slovak
ISSN:1335-4051
Subjects:

MARC

LEADER 00000nab a2200000 a 4500
001 vtls000691748
003 SK-MaSNL
005 20260303043645.0
008 180206c1999 xo 0 slo
015 |a SNBRB1999/05-11769 
035 |a CLN000043915 
040 |a SNKBUCL  |b slo  |c SNKBUCL  |e AACR2 
041 0 |a slo 
044 |a xo  |c SK 
080 |a 327.51(100):323(497.11)  |2 UDC-MRF-SK2 
080 |a 323(497.11)  |2 UDC-MRF-SK2 
245 0 0 |a Krajina ponorená do tmy  |b Juhoslávia: NATO použilo grafitové bomby 
610 7 |a NATO  |x intervencia  |z Juhoslávia  |y 1999  |2 snkbucl  |9 888851 
651 7 |a Juhoslávia  |x NATO  |x intervencia  |y 1999  |2 snkbucl  |9 888992 
655 7 |a články z novín a časopisov  |2 snkbucl  |9 267496 
773 0 |x 1335-4051  |t Pravda  |g Roč. 9, č. 101 (4.5.1999), s. 18 
850 |a Slovenská národná knižnica v Martine 
852 |a SNK  |b KIS3GCP 
958 |a RBX 
999 |c 1697782  |d 1699712